[Event "Let's Play"]
[Site "SchemingMind.com"]
[Date "2016.10.09"]
[Round "-"]
[White "screichert"]
[Black "cnile"]
[Result "0-1"]
[WhiteCountry "USA"]
[BlackCountry "SCO"]
[WhiteElo "1478"]
[WhiteRD "101"]
[BlackElo "1460"]
[BlackRD "59"]
[GameID "404714"]

1. e3 e5 2. Nf3 Nc6 3. d4 exd4 4. Nxd4 Nxd4 5. Qxd4 Nf6 6. Bc4 d5 7. Bb3 c6 8. O-O Bd6 9. c4 O-O 10. cxd5 cxd5
11. Bxd5 Nxd5 12. Qxd5 Bxh2+ 13. Kxh2 Qxd5 14. Nc3 Qh5+ 15. Kg1 Bd7 16. Bd2 Bc6 17. e4 Rad8 18. Be3 Rfe8 19. Bxa7 Re6 20. Be3 Bxe4
21. Rac1 Bc6 22. b4 Qg4 23. f3 Bxf3 24. Rxf3 h5 25. Rcf1 Rf6 26. Rxf6 gxf6 27. Rf4 Qg3 28. Bc1 Qxc3 29. Rf1 Qxb4 30. a3 Qd4+
31. Kh2 Qh4+ 32. Kg1 Rd3 33. a4 Rc3 34. Bb2 Rc2 35. Bxf6 Qg3 36. Rf2 Qxf2+ 37. Kh2 Qxg2#
0-1

[Event "Let's Play"]
[Site "SchemingMind.com"]
[Date "2016.10.11"]
[Round "-"]
[White "cnile"]
[Black "Shanks"]
[Result "1-0"]
[WhiteCountry "SCO"]
[BlackCountry "ENG"]
[WhiteElo "1490"]
[WhiteRD "60"]
[BlackElo "1388"]
[BlackRD "78"]
[GameID "404715"]

1. e4 c6 2. c4 e5 3. Nf3 d6 4. h3 Nf6 5. Nc3 Be7 6. d4 exd4 7. Nxd4 c5 8. Nf3 Na6 9. Bf4 h6 10. a3 Nc7
11. Be2 Ne6 12. Bg3 O-O 13. O-O a6 14. Nd5 Nxe4 15. Re1 Nxg3 16. fxg3 Ng5 17. Nxe7+ Qxe7 18. Qd3 Nxf3+ 19. Bxf3 Qf6 20. Rad1 Bf5
21. Qd5 b6 22. Qxd6 Qxd6 23. Rxd6 b5 24. Bxa8 bxc4 25. Rxa6 Bd3 26. Re7 c3 27. Ra5 cxb2 28. Rb7 b1=Q+ 29. Rxb1 Bxb1 30. Bf3 c4
31. Rc5 Bd3 32. a4 g5 33. a5 Re8 34. a6 Kg7 35. a7 Re1+ 36. Kf2 Re8 37. a8=Q Rxa8 38. Bxa8 Kg6 39. Bd5 Bf5 40. Bxf7+ Kf6
41. Bxc4 h5 42. Be2 g4 43. hxg4 hxg4 44. Rxf5+ Kxf5 45. Ke3 Kg5 46. Ke4 Kh5= 47. Kf5 Kh6 48. Bxg4
1-0

[Event "Let's Play"]
[Site "SchemingMind.com"]
[Date "2016.10.14"]
[Round "-"]
[White "Carl Lenox"]
[Black "Shanks"]
[Result "1-0"]
[WhiteCountry "CAN"]
[BlackCountry "ENG"]
[WhiteElo "1193"]
[WhiteRD "75"]
[BlackElo "1352"]
[BlackRD "73"]
[GameID "404716"]

1. e4 c6 2. d4 d5 3. Nc3 dxe4 4. Nxe4 h6 5. a3 e6 6. b4 b5 7. Nf3 Ne7 8. Bb2 Bb7 9. Be2 Nd5 10. O-O Nf4
11. Ne5 Nxe2+ 12. Qxe2 a6 13. Rad1 Be7 14. Qf3 O-O 15. Qg3 c5 16. Nxc5 Bd5 17. Rfe1 a5 18. Bc1 a4 19. Bxh6 Bf6 20. Ne4 Bxe4
21. Rxe4 g6 22. Nxg6 Kh7 23. Rg4 Rg8 24. Nf8+ Kh8 25. Rxg8#
1-0

[Event "Let's Play"]
[Site "SchemingMind.com"]
[Date "2016.10.09"]
[Round "-"]
[White "Shanks"]
[Black "screichert"]
[Result "0-1"]
[WhiteCountry "ENG"]
[BlackCountry "USA"]
[WhiteElo "1373"]
[WhiteRD "83"]
[BlackElo "1534"]
[BlackRD "98"]
[GameID "404717"]

1. Nf3 e6 2. d4 d5 3. a3 c5 4. e3 c4 5. c3 Bd7 6. Ne5 Qf6 7. Nxd7 Nxd7 8. Nd2 Bd6 9. Nf3 Nh6 10. h3 O-O
11. Be2 e5 12. dxe5 Nxe5 13. Nxe5 Qxe5 14. f4 Qe6 15. O-O Nf5 16. Bg4 Qg6 17. Qxd5 Ne7 18. Qxc4 h5 19. Bf3 Nf5 20. Bxb7 Rab8
21. Bf3 Ng3 22. Rf2 Nf5 23. e4 Nh4 24. e5 Be7 25. Qe4 Qb6 26. Bxh5 Bc5 27. Qe2 Qc6 28. Bf3 Qh6 29. f5 Bxf2+ 30. Qxf2 Nxf3+
31. Qxf3 Qb6+ 32. Kh1 Rbe8 33. Qg3 Kh7 34. Qh4+ Kg8 35. Bf4 Qxb2 36. Rg1 Qxc3 37. g3 Rc8 38. Qg4 Kh7 39. f6 g6 40. Qh4+ Kg8
41. g4= Qf3+ 42. Rg2 Qxf4 43. Qg3 Qxg3 44. Rxg3 Rfe8 45. Re3 Rc5 46. Kh2 Rexe5 47. Rg3 Ra5 48. h4 Re2+ 49. Kh3 Ra2 50. g5 R5xa3
51. Rxa3 Rxa3+ 52. Kg4 Ra1 53. h5 Rg1+ 54. Kh4 Rh1+ 55. Kg4 gxh5+ 56. Kg3 Rg1+ 57. Kh4 Rh1+ 58. Kg3 a5 59. Kf4 a4 60. Kg3 a3
61. Kg2 Rb1 62. Kf3 a2 63. Kg3 a1=Q
0-1

[Event "Let's Play"]
[Site "SchemingMind.com"]
[Date "2016.10.09"]
[Round "-"]
[White "Chessibelle"]
[Black "Shanks"]
[Result "0-1"]
[WhiteCountry "ENG"]
[BlackCountry "ENG"]
[WhiteElo "1126"]
[WhiteRD "58"]
[BlackElo "1394"]
[BlackRD "87"]
[GameID "404718"]

1. Nf3 d5 2. d4 c6 3. e3 Nf6 4. b3 e6 5. Bd2 Be7 6. Bc3 Ne4 7. Nbd2 Nxc3 8. Qc1 Bd6 9. Qb2 Ne4 10. O-O-O Nxf2
11. Be2 Nxd1 12. Kxd1 Qe7 13. Ke1 Ba3 14. Qb1 Bb4 15. g3 Nd7 16. Qc1 Bc3 17. Kf2 Nf6 18. Nb1 Ba5 19. Qd1 Bd7 20. c3 Bc7
21. b4 b5 22. Nbd2 a5 23. Qc2 a4 24. a3 h5 25. h4 Ng4+ 26. Kg2 Nxe3+
0-1

[Event "Let's Play"]
[Site "SchemingMind.com"]
[Date "2016.10.09"]
[Round "-"]
[White "Shanks"]
[Black "wight knight"]
[Result "1-0"]
[WhiteCountry "ENG"]
[BlackCountry "ENG"]
[WhiteElo "1394"]
[WhiteRD "87"]
[BlackElo "1355"]
[BlackRD "58"]
[GameID "404719"]

1. Nf3 f6 2. d4 d5 3. Nc3 c6 4. e3 Bg4 5. h3 Bxf3 6. Qxf3 e6 7. a3 g5 8. Qh5+ Ke7 9. Qd1 Nh6 10. g4 f5
11. gxf5 Nxf5 12. Bg2 Na6 13. e4 Nh4 14. Bxg5+ Kd7 15. Bxd8 Rxd8 16. Qg4 Be7 17. e5 Rhg8 18. Qe2 Nxg2+ 19. Kd1 Nf4 20. Qf1 Rg2
21. Kd2 Rg6 22. Re1 Bg5 23. Kd1 Bh6 24. h4 Ng2 25. Re2 Rf8 26. h5 Ne3+ 27. fxe3 Rxf1+ 28. Rxf1 Ke7 29. hxg6 hxg6 30. Kd2 b5
31. b4 g5 32. Ref2 Nc7 33. Rf7+ Ke8 34. Rxc7 a5 35. bxa5 b4 36. axb4 c5 37. Rxc5 g4 38. Rg1 g3 39. Rxg3 Kd7 40. a6 Bf8
41. Rb5 Kc6 42. Rb8 Kd7 43. Rxf8 Kc6 44. a7 Kb6 45. a8=Q Kc7 46. Nb5+ Kd7 47. Rg7#
1-0

[Event "Let's Play"]
[Site "SchemingMind.com"]
[Date "2016.10.09"]
[Round "-"]
[White "Shanks"]
[Black "zeksky"]
[Result "1-0"]
[WhiteCountry "ENG"]
[BlackCountry "CRO"]
[WhiteElo "1388"]
[WhiteRD "78"]
[BlackElo "1413"]
[BlackRD "93"]
[GameID "404720"]

1. Nf3 Nc6 2. d4 d5 3. Nc3 g6 4. h3 Bg7 5. e3 e5 6. Nh2 exd4 7. exd4 Bxd4 8. Ne2 Qf6 9. Nxd4 Qxd4 10. Nf3 Qxd1+
11. Kxd1 h6 12. a3 Nf6 13. Bd3 Be6 14. Bd2 d4 15. Rc1 O-O-O 16. a4 a6 17. b3 Nd5 18. Rf1 Nc3+ 19. Bxc3 dxc3 20. Re1 Bf5
21. Re3 Nb4 22. Ne1 Rhe8 23. Ra1 Rxe3 24. fxe3 Nxd3 25. cxd3 Bxd3 26. Nxd3 Rxd3+ 27. Kc2 Rxe3 28. h4 c6 29. Rg1= b5 30. axb5
1-0

[Event "Let's Play"]
[Site "SchemingMind.com"]
[Date "2016.10.14"]
[Round "-"]
[White "screichert"]
[Black "Carl Lenox"]
[Result "1-0"]
[WhiteCountry "USA"]
[BlackCountry "CAN"]
[WhiteElo "1534"]
[WhiteRD "98"]
[BlackElo "1119"]
[BlackRD "72"]
[GameID "404722"]

1. e3 a6 2. d4 c6 3. Bc4 e6 4. Qf3 b5 5. Bb3 g6 6. e4 Nf6 7. Bg5 Bg7 8. e5 Qa5+ 9. Bd2 Qd8 10. exf6 Qxf6
11. Bc3 d5 12. Qxf6 Bxf6 13. Nf3
1-0

[Event "Let's Play"]
[Site "SchemingMind.com"]
[Date "2016.10.14"]
[Round "-"]
[White "Carl Lenox"]
[Black "Chessibelle"]
[Result "0-1"]
[WhiteCountry "CAN"]
[BlackCountry "ENG"]
[WhiteElo "1183"]
[WhiteRD "73"]
[BlackElo "1135"]
[BlackRD "63"]
[GameID "404723"]

1. e4 e5 2. Nf3 Nc6 3. Bb5 Nf6 4. d3 Be7 5. O-O O-O 6. a3 Nd4 7. Bc4 d5 8. exd5 Nxd5 9. Nxe5 Qd6 10. Re1 Bf6
11. Nf3 Be7 12. Nxd4 c6 13. Qd2 h6 14. c3 g5 15. Nf5 Bxf5 16. b4 Rae8 17. Qe2 Bd8 18. Qd1 Ne7 19. d4 Bc7 20. Nd2 Qxh2+
21. Kf1 Qh1+ 22. Ke2 Nd5+ 23. Ne4 Rxe4+ 24. Kd2 Qxg2 25. Rf1 Qh3 26. f3 Qg2+
0-1

[Event "Let's Play"]
[Site "SchemingMind.com"]
[Date "2016.10.09"]
[Round "-"]
[White "ray winteringham"]
[Black "cnile"]
[Result "1-0"]
[WhiteCountry "ENG"]
[BlackCountry "SCO"]
[WhiteElo "1492"]
[WhiteRD "50"]
[BlackElo "1460"]
[BlackRD "59"]
[GameID "404726"]

1. e4 c5 2. Nf3 d6 3. h3 Nc6 4. Be2 Nf6 5. d3 g6 6. Bf4 Bg7 7. c3 O-O 8. O-O Bd7 9. Nbd2 b5 10. a3 a6
11. b4 cxb4 12. axb4 Qc7 13. Nb3 Rfc8 14. Bd2 a5 15. Nbd4 axb4 16. Nxb5 bxc3 17. Nxc7 Rxa1 18. Qxa1 cxd2 19. Nb5 Nxe4 20. Qa6 Nd4
21. Nfxd4 Rc1 22. Bd1 Bxb5 23. Qxb5 Bxd4 24. Kh2 Be5+ 25. Kg1 Bh2+ 26. Kxh2 Nxf2 27. Rxf2 Rxd1 28. Kg3 Re1 29. Rxd2
1-0

[Event "Let's Play"]
[Site "SchemingMind.com"]
[Date "2016.10.09"]
[Round "-"]
[White "Shanks"]
[Black "ray winteringham"]
[Result "1-0"]
[WhiteCountry "ENG"]
[BlackCountry "ENG"]
[WhiteElo "1352"]
[WhiteRD "73"]
[BlackElo "1495"]
[BlackRD "52"]
[GameID "404727"]

1. d4 g6 2. e3 Bg7 3. Nc3 Nf6 4. Nf3 O-O 5. e4 d6 6. Be3 Kh8 7. Qd2 Bd7 8. Bh6 Be6 9. Bxg7+ Kxg7 10. d5 Bd7
11. Bc4 c6 12. O-O-O Bg4 13. Rde1 e5 14. Ng1 Nbd7 15. f3 Nb6 16. Bb3 Bd7 17. dxc6 Bxc6 18. Nh3 Nbd7 19. Nf2 b5 20. h4 Nh5
21. Ng4 Kh8 22. Qxd6 Rc8 23. Qd2 Ndf6 24. Qf2 Qe7 25. Ne3 a6 26. Kb1 a5 27. a3 a4 28. Ba2 Bb7 29. g4 Ng7 30. g5 Ngh5
31. gxf6 Qxf6 32. Ng4 Qc6 33. Rc1 f6 34. Ne3 Nf4 35. Rhd1 Qe8 36. Qf1 h5 37. Nxb5 g5 38. Nd6 Qe7 39. Nxc8 Bxc8 40. hxg5 fxg5
41. Nd5 Nxd5 42. Bxd5 g4 43. Qh1 Qh7 44. fxg4 Bxg4 45. Re1 Qg6 46. Qg1 Qe8 47. Qe3 Kh7 48. Qa7+ Kh8 49. Qb6 Kg7 50. Rg1 Qd7
51. Bc6 Qe6 52. Qc5 Rc8 53. Qa7+ Kg6 54. Bxa4 Rf8 55. Bb3 Qf6 56. Bd5 Rc8 57. a4 Kh6 58. a5 Qf8 59. Qe3+ Qf4 60. Qb6+ Kg5
61. Rxg4+ hxg4 62. a6 g3 63. Qb7 Rf8 64. a7 g2 65. Qg7+
1-0

[Event "Let's Play"]
[Site "SchemingMind.com"]
[Date "2016.10.14"]
[Round "-"]
[White "ray winteringham"]
[Black "Carl Lenox"]
[Result "1-0"]
[WhiteCountry "ENG"]
[BlackCountry "CAN"]
[WhiteElo "1470"]
[WhiteRD "52"]
[BlackElo "1119"]
[BlackRD "72"]
[GameID "404728"]

1. e4 c5 2. Nf3 g6 3. Bc4 e6 4. O-O a6 5. d3 b5 6. Bb3 Nf6 7. c3 Bg7 8. Be3 d6 9. Nbd2 O-O 10. c4 Re8
11. Bc2 b4 12. b3
1-0

[Event "Let's Play"]
[Site "SchemingMind.com"]
[Date "2016.10.09"]
[Round "-"]
[White "screichert"]
[Black "ray winteringham"]
[Result "1-0"]
[WhiteCountry "USA"]
[BlackCountry "ENG"]
[WhiteElo "1478"]
[WhiteRD "101"]
[BlackElo "1492"]
[BlackRD "50"]
[GameID "404729"]

1. e3 e5 2. Nf3 e4 3. Nd4 d5 4. Nc3 Be7 5. d3 Nf6 6. g4 Bxg4 7. f3 exf3 8. Nxf3 O-O 9. Rg1 Bh5 10. Be2 Nfd7
11. Nxd5 Bh4+ 12. Kf1 Nc6 13. b3 Bf6 14. d4 Bg6 15. c4 b5 16. Qe1 b4 17. a3 a5 18. Qg3 Ra7 19. h4 Ne7 20. h5 Bxh5
21. Nxf6+
1-0

[Event "Let's Play"]
[Site "SchemingMind.com"]
[Date "2016.10.09"]
[Round "-"]
[White "ray winteringham"]
[Black "Chessibelle"]
[Result "1-0"]
[WhiteCountry "ENG"]
[BlackCountry "ENG"]
[WhiteElo "1492"]
[WhiteRD "50"]
[BlackElo "1126"]
[BlackRD "58"]
[GameID "404730"]

1. e4 e5 2. Nf3 Nc6 3. Bc4 h6 4. O-O f6 5. d3 Nge7 6. Be3 d6 7. h3 g5 8. Nc3 b6 9. Nd5 Bg7 10. a3 O-O
11. Nxc7+ Kh8 12. Nxa8 Bb7 13. Nxb6 axb6 14. b4 Ng6 15. c3 f5 16. Bd2 Nce7 17. Nh2 fxe4 18. Re1 Nf5 19. dxe4 Nfh4 20. g3 Qd7
21. gxh4 gxh4 22. Qg4 Qf7 23. Bxf7 Rxf7 24. Qxg6 Rf6 25. Qe8+ Kh7 26. Qd7 Ba6 27. Ng4 Rf3 28. Nxh6 Rf6 29. Nf5 Kg6 30. Qxg7+
1-0

[Event "Let's Play"]
[Site "SchemingMind.com"]
[Date "2016.10.09"]
[Round "-"]
[White "wight knight"]
[Black "ray winteringham"]
[Result "0-1"]
[WhiteCountry "ENG"]
[BlackCountry "ENG"]
[WhiteElo "1355"]
[WhiteRD "58"]
[BlackElo "1492"]
[BlackRD "50"]
[GameID "404731"]

1. e4 c5 2. Bc4 Nc6 3. c3 e6 4. d4 d5 5. exd5 exd5 6. Bb5 Bd7 7. Bxc6 bxc6 8. dxc5 Bxc5 9. Nf3 Nf6 10. Bg5 Bg4
11. h3 Qe7+ 12. Qe2 Qxe2+ 13. Kxe2 Bxf3+ 14. gxf3 Nd7 15. Na3 Bxa3 16. bxa3 O-O 17. Rhg1 Rfe8+ 18. Kf1 Ne5 19. f4 Nc4 20. a4 Re4
21. Kg2 h6 22. Bh4 Rxf4 23. Bg3 Re4 24. Rge1 Rae8 25. Rxe4 Rxe4 26. Rb1 a5 27. f4 Re2+ 28. Bf2 Nb2 29. Kf3 Rc2 30. Bd4 Nxa4
31. f5 Rxa2 32. Rg1 Ra3 33. f6 g6 34. h4 Nxc3 35. h5 Nb5+ 36. Be3 d4 37. Kf4 dxe3 38. hxg6 e2 39. gxf7+ Kxf7 40. Kf5 Rf3+
41. Ke5 Re3+ 42. Kf5 Nd6+ 43. Kf4 e1=Q
0-1

[Event "Let's Play"]
[Site "SchemingMind.com"]
[Date "2016.10.09"]
[Round "-"]
[White "zeksky"]
[Black "ray winteringham"]
[Result "1-0"]
[WhiteCountry "CRO"]
[BlackCountry "ENG"]
[WhiteElo "1588"]
[WhiteRD "124"]
[BlackElo "1492"]
[BlackRD "50"]
[GameID "404732"]

1. e4 c5 2. Nf3 Nc6 3. c3 a6 4. d4 cxd4 5. cxd4 d5 6. e5 f6 7. g3 Bf5 8. Nc3 Qd7 9. Bg2 e6 10. a3 b5
11. b4 Nge7 12. O-O Bg6 13. Re1 f5 14. Bd2 Bf7 15. Ne2 g6 16. Qc1 Rc8 17. Bh6 Bxh6 18. Qxh6 Ng8 19. Qg7 Nce7 20. Qxh8 h6
21. Qg7 Qd8 22. Nd2 Rc2 23. Nb3 Qc7 24. Rac1 Rxc1 25. Rxc1 Qd7 26. Nc5 Qd8 27. Nb7
1-0

[Event "Let's Play"]
[Site "SchemingMind.com"]
[Date "2016.10.09"]
[Round "-"]
[White "Chessibelle"]
[Black "cnile"]
[Result "0-1"]
[WhiteCountry "ENG"]
[BlackCountry "SCO"]
[WhiteElo "1128"]
[WhiteRD "60"]
[BlackElo "1485"]
[BlackRD "58"]
[GameID "404733"]

1. Nf3 d5 2. d4 Nf6 3. e3 Bf5 4. Nc3 e6 5. Ne5 Bd6 6. f4 h6 7. Bb5+ c6 8. Ba4 O-O 9. a3 Nbd7 10. O-O Ne4
11. Qe1 Rc8 12. b4 a6 13. Bb2 Ndf6 14. Ne2 b5 15. Bb3 a5 16. g3 Bxe5 17. dxe5 Nd7 18. Nd4 a4 19. Ba2 Re8 20. Bb1 Qe7
21. Qe2 Nb6 22. c3 Nc4 23. Bc1 f6 24. Nf3 Bg4 25. Qe1 Qf7 26. Qd1 g5 27. Qe2 Nxc3 28. Qc2 Ne4 29. Qd1 Nc3 30. Qc2 Ne4
31. Qd3 Qh5 32. Qe2 Nc3 33. Qd3 Ne4 34. Rd1 Bxf3 35. Qf1 Bxd1 36. Ra2 Bg4 37. Bd3 fxe5 38. fxe5 Bh3 39. Qe1 Rf8 40. Be2 Qg6
41. Qd1 Nc3 42. Qd3 Qxd3 43. Bxd3 Nxa2
0-1

[Event "Let's Play"]
[Site "SchemingMind.com"]
[Date "2016.10.09"]
[Round "-"]
[White "screichert"]
[Black "Chessibelle"]
[Result "1-0"]
[WhiteCountry "USA"]
[BlackCountry "ENG"]
[WhiteElo "1478"]
[WhiteRD "101"]
[BlackElo "1126"]
[BlackRD "58"]
[GameID "404734"]

1. e3 e5 2. Nf3 Nc6 3. d4 Bd6 4. d5 Nce7 5. e4 c6 6. Bc4 Nf6 7. Nfd2 b5 8. Bb3 O-O 9. dxc6 Nxc6 10. Nf3 h6
11. Nh4 g5 12. Nf5 Bb4+ 13. c3 Bc5 14. Nxh6+ Kg7 15. Bxg5 d6 16. O-O Qb6 17. Bxf6+ Kxh6 18. Qd2+ Kh7 19. Qg5
1-0

[Event "Let's Play"]
[Site "SchemingMind.com"]
[Date "2016.10.09"]
[Round "-"]
[White "cnile"]
[Black "wight knight"]
[Result "0-1"]
[WhiteCountry "SCO"]
[BlackCountry "ENG"]
[WhiteElo "1460"]
[WhiteRD "59"]
[BlackElo "1355"]
[BlackRD "58"]
[GameID "404736"]

1. e4 e5 2. Nf3 f6 3. Nxe5 Qe7 4. Qh5+ g6 5. Nxg6 Qxe4+ 6. Be2 Qxg6 7. Qf3 Bc5 8. d3 d6 9. O-O Ne7 10. Bf4 Nf5
11. Nc3 Nh4 12. Qh3 Bxh3
0-1

[Event "Let's Play"]
[Site "SchemingMind.com"]
[Date "2016.10.09"]
[Round "-"]
[White "wight knight"]
[Black "screichert"]
[Result "0-1"]
[WhiteCountry "ENG"]
[BlackCountry "USA"]
[WhiteElo "1355"]
[WhiteRD "58"]
[BlackElo "1478"]
[BlackRD "101"]
[GameID "404737"]

1. e4 e6 2. Bc4 Bc5 3. d3 Qf6 4. Qf3 Nc6 5. c3 Ne5 6. Qxf6 Nxf6 7. d4 Nxc4 8. dxc5 Nxe4 9. b3 Ne5 10. b4 O-O
11. Ke2 b6 12. Nf3 d6 13. Nxe5 dxe5 14. h4 bxc5 15. Ba3 Ba6+ 16. Kf3 f5 17. bxc5 Rfd8 18. g4 Rd3+ 19. Kg2 fxg4 20. c6 Rb8
21. Re1 Nxc3 22. Nxc3 Rxc3 23. Bc1 Rb6 24. Rxe5 Rbxc6 25. Bb2 Rf3 26. h5 Rc2 27. Bd4 Bb7 28. Kf1 g3 29. Rxe6 g2+ 30. Kxg2 Rfxf2+
31. Kg3 Rg2+ 32. Kf4 Rc4 33. Ke3 Rg3+ 34. Kf2 Rf3+ 35. Ke2 Rxd4 36. Rb1 Bd5 37. Re7 Rf8 38. Rxc7 Bxa2 39. Rb2 Bf7 40. h6 gxh6
41. Rxa7 Bc4+ 42. Ke3 Rd3+ 43. Ke4 Re8+ 44. Kf4 Rd4+ 45. Kf3 Bd5+ 46. Kg3 Rd3+ 47. Kf4 Re4+ 48. Kf5 Rf3#
0-1

[Event "Let's Play"]
[Site "SchemingMind.com"]
[Date "2016.10.09"]
[Round "-"]
[White "Chessibelle"]
[Black "wight knight"]
[Result "0-1"]
[WhiteCountry "ENG"]
[BlackCountry "ENG"]
[WhiteElo "1126"]
[WhiteRD "58"]
[BlackElo "1355"]
[BlackRD "58"]
[GameID "404738"]

1. Nf3 f6 2. d4 d5 3. e3 Bg4 4. Be2 Bxf3 5. Bxf3 g5 6. Bh5+ Kd7 7. Qg4+ e6 8. Nc3 c6 9. O-O Nh6 10. Qf3 g4
11. Qe2 f5 12. f3 Qh4 13. g3 Qxh5 14. f4 Bb4 15. Bd2 a5 16. a3 Bxc3 17. Bxc3 a4 18. Rf2 Na6 19. Qd2 c5 20. Ba5 b6
21. Bxb6 Rhb8 22. Ba5 Rxb2 23. Qc3 Rb7 24. dxc5 Nxc5 25. Qxc5 Rc8 26. Qd4 Rb5 27. Qa7+ Ke8 28. Qa6 Rcb8 29. Qxe6+ Kf8 30. Bc3 Qf7
31. Qxh6+ Ke8 32. Rd1 d4 33. Rxd4 Qg6 34. Qh4 Rb1+ 35. Kg2 Qc6+ 36. Rf3 Qxf3#
0-1

[Event "Let's Play"]
[Site "SchemingMind.com"]
[Date "2016.10.09"]
[Round "-"]
[White "wight knight"]
[Black "zeksky"]
[Result "0-1"]
[WhiteCountry "ENG"]
[BlackCountry "CRO"]
[WhiteElo "1328"]
[WhiteRD "60"]
[BlackElo "1413"]
[BlackRD "93"]
[GameID "404739"]

1. e4 e5 2. Bc4 Nc6 3. c3 Bc5 4. d3 h6 5. Qf3 Nf6 6. b4 Bb6 7. Be3 Bxe3 8. fxe3 O-O 9. Na3 a6 10. O-O-O d6
11. h3 Re8 12. g4 b5 13. Bd5 Bb7 14. Bxc6 Bxc6 15. c4 Nd7 16. Rf1 f6 17. h4 Rb8 18. Ne2 bxc4 19. Nxc4 Rxb4 20. a3 Rb3
21. Kc2 Ba4 22. Rb1 Rxa3+ 23. Kd2 Ra2+ 24. Ke1 Nc5 25. Kf1 Bc2 26. Rb2 Rxb2 27. Nxb2 Qb8 28. Nc4 Bxd3 29. Nd2 Qb2 30. Ke1 Rb8
31. g5 fxg5 32. hxg5 Rf8 33. Qh5 Qa1+
0-1

[Event "Let's Play"]
[Site "SchemingMind.com"]
[Date "2016.10.10"]
[Round "-"]
[White "cnile"]
[Black "zeksky"]
[Result "1-0"]
[WhiteCountry "SCO"]
[BlackCountry "CRO"]
[WhiteElo "1490"]
[WhiteRD "60"]
[BlackElo "1413"]
[BlackRD "93"]
[GameID "404748"]

1. e4 e5 2. Nf3 Nc6 3. Bb5 Bc5 4. c3 a6 5. Ba4 b5 6. Bb3 Nf6 7. d3 h6 8. Bc2 O-O 9. O-O Re8 10. Re1 d5
11. h3 d4 12. Nbd2 Be6 13. Nf1 a5 14. Ng3 b4 15. c4 Nd7 16. Ba4 Ra6 17. Bxc6 Rxc6 18. b3 Ra6 19. Qe2 Bd6 20. Bd2 a4
21. Nh4 a3 22. Nhf5 Bxf5 23. Nxf5 Re6 24. Qg4 Rg6 25. Qe2 c5 26. Rf1 Kh7 27. f4
1-0

[Event "Let's Play"]
[Site "SchemingMind.com"]
[Date "2016.10.09"]
[Round "-"]
[White "zeksky"]
[Black "screichert"]
[Result "0-1"]
[WhiteCountry "CRO"]
[BlackCountry "USA"]
[WhiteElo "1570"]
[WhiteRD "117"]
[BlackElo "1534"]
[BlackRD "98"]
[GameID "404749"]

1. e4 e6 2. Nf3 d5 3. e5 c6 4. d4 Qa5+ 5. c3 b5 6. g3 b4 7. Bg2 bxc3 8. bxc3 Ba6 9. Bd2 Qb6 10. Qb3 Bc4
11. Qa4 Qb2 12. Bf1 Qxa1 13. Qd1 Bxa2 14. Bd3 Bxb1 15. Bxb1 Qa6 16. Bf4 Ba3 17. Bd3 Qa5 18. Qb3 Nd7 19. Bd2 Rb8 20. Qc2 Rb2
21. Qd1 f6 22. O-O fxe5 23. Nxe5 Nxe5 24. dxe5 Bc5 25. Bc1 Ra2 26. Qh5+ Kd7 27. Qf7+ Ne7 28. Qxg7 Rg8 29. Qxh7 Qxc3 30. Bf4 Qb2
31. Qh3 Bxf2+ 32. Kh1 Ra1 33. Qg2 Rxf1+ 34. Bxf1 Nf5 35. Bd3 Qd4 36. Be2 Be3
0-1